Financial management and analysis / (Record no. 3360)
[ view plain ]
| 000 -LEADER | |
|---|---|
| fixed length control field | 01472nam a2200205Ia 4500 |
| 020 ## - INTERNATIONAL STANDARD BOOK NUMBER | |
| ISBN | 0070496676 |
| 020 ## - INTERNATIONAL STANDARD BOOK NUMBER | |
| ISBN | 0071135839 |
| 022 ## - INTERNATIONAL STANDARD SERIAL NUMBER | |
| ISSN | 9780070496675 |
| 050 ## - CALL NUMBER | |
| Classification number | HG4026 |
| Item number | .P465 |
| 100 1# - AUTHOR | |
| Personal name | Peterson, Pamela P. |
| 245 10 - TITLE | |
| Title | Financial management and analysis / |
| Statement of responsibility, etc | Pamela P. Peterson. |
| 250 ## - EDITION | |
| Edition statement | International edition. |
| 260 ## - PUBLICATION INFORMATION | |
| Place of publication | New York : |
| Name of publisher | McGraw-Hill, |
| Year of publication | ©1994. |
| 300 ## - DESCRIPTION | |
| Number of Pages | xxvi, 931 pages. |
| Other physical details | ill |
| Dimensions | 26cm |
| 440 ## - SERIES | |
| SERIES | McGraw-Hill series in finance. |
| 500 ## - NOTES | |
| General note | Includes index |
| 505 ## - FORMATTED CONTENTS NOTE | |
| Table of Content | Part 1 Introduction: introduction to financial management and analysis. Part 2 Fundamentals of financial analysis: securities and markets; accounting, taxation and cash flows; financial analysis. Part 3 Fundamentals of valuation: mathematics of finance; asset valuation and returns; expected return of risk. Part 4 Financial management of investments: capital investment decisions; evaluation techniques for capital projects; capital budgeting and risk. Part 5 Financial management of investments: common and preferred stock; long-term debt; capital structure. Part 6 Financial management of financing: short-term assets; short-term financing. Part 7 Financial management of working capital: strategy and financial planning. Part 8 Appendices: keeping up with securities' prices; financial mathematics tables; calculator applications; statistical primer; glossary; brief solutions to end-of-chapter problems. |
| 650 #0 - SUBJECTS | |
| Topical Term | Corporations |
| General subdivision | Finance. |
| 942 ## - ADDED ENTRY ELEMENTS (KOHA) | |
| Koha item type | Books |
| Withdrawn status | Lost status | Collection code | Home library | Current library | Shelving location | Date acquired | Full call number | Accession Number | Koha item type |
|---|---|---|---|---|---|---|---|---|---|
| Reference | Methodist University Library Main | Methodist University Library Main | General Stacks | 21/12/1999 | HG4026 .P465 | 13785 | Books | ||
| Reference | Methodist University Library Main | Methodist University Library Main | General Stacks | 21/12/1999 | HG4026 .P465 | 13786 | Books |